The music of Africa (Record no. 16173)

MARC details
000 -LEADER
fixed length control field 00505nam a22001577a 4500
008 - FIXED-LENGTH DATA ELEMENTS--GENERAL INFORMATION
fixed length control field 161007b xxu||||| |||| 00| 0 eng d
020 ## - INTERNATIONAL STANDARD BOOK NUMBER
International Standard Book Number 0393092496
040 ## - CATALOGING SOURCE
Original cataloging agency KABU
Transcribing agency KABU
050 ## - LIBRARY OF CONGRESS CALL NUMBER
Classification number ML350
Item number .N54 1974 C.1
100 ## - MAIN ENTRY--PERSONAL NAME
Personal name Nketia, J. H. Kwabena
245 ## - TITLE STATEMENT
Title The music of Africa
Statement of responsibility, etc. by J. H. Kwabena Nketia
260 ## - PUBLICATION, DISTRIBUTION, ETC. (IMPRINT)
Place of publication, distribution, etc. New York
Name of publisher, distributor, etc. W.W. Norton & company
Date of publication, distribution, etc. 1974
300 ## - PHYSICAL DESCRIPTION
Extent x, 278 p.
650 ## - SUBJECT ADDED ENTRY--TOPICAL TERM
Source of heading or term Music, African
General subdivision History and criticism
942 ## - ADDED ENTRY ELEMENTS (KOHA)
Source of classification or shelving scheme Library of Congress Classification
Koha item type General Collection
Classification part ML350 .N54 1974 C.1
Holdings
Withdrawn status Lost status Source of classification or shelving scheme Not for loan Home library Current library Shelving location Date acquired Cost, normal purchase price Total Checkouts Total Renewals Full call number Barcode Checked out Date last seen Date last checked out Copy number Price effective from Koha item type Damaged status
    Library of Congress Classification   Kabarak, Main Campus Kabarak, Main Campus General Stacks 07/10/2016 525.30 11 1 ML350 .N54 1974 C.1 026904 25/10/2025 22/09/2025 22/09/2025 C.1 07/10/2016 General Collection  
    Library of Congress Classification   Kabarak, Main Campus Kabarak, Main Campus General Stacks 07/10/2016 525.30 9   ML350 .N54 1974 C.2 026906   05/03/2026 15/09/2025 C.2 07/10/2016 General Collection  
    Library of Congress Classification   Kabarak, Main Campus Kabarak, Main Campus General Stacks 07/10/2016 525.30 9 1 ML350 .N54 1974 C.3 026903 07/02/2026 22/01/2026 22/01/2026 C.3 07/10/2016 General Collection  
    Library of Congress Classification   Kabarak, Main Campus Kabarak, Main Campus General Stacks 07/10/2016 525.30 5 1 ML350 .N54 1974 C.4 026902   26/01/2021 12/03/2020 C.4 07/10/2016 General Collection  
  Lost and Paid For Library of Congress Classification   Kabarak, Main Campus Kabarak, Main Campus General Stacks 07/10/2016 525.30 3   ML350 .N54 1974 C.5 026905   16/01/2018 22/06/2017 C.5 07/10/2016 General Collection  
Designed with assistance from East African Informatics Ltd